HOWKINS & BOURNE SHAWS TEXT BOOK OF GYNAECOLOGY (Record no. 502099)

MARC details
000 -LEADER
fixed length control field 00441pam a2200157a 44500
008 - FIXED-LENGTH DATA ELEMENTS--GENERAL INFORMATION
fixed length control field 230515b2015 xxu||||| |||| 00| 0 eng d
020 ## - INTERNATIONAL STANDARD BOOK NUMBER
International Standard Book Number 978-81-312-5411-0
041 ## - LANGUAGE CODE
Language code of text/sound track or separate title ENGLISH
082 ## - DEWEY DECIMAL CLASSIFICATION NUMBER
Classification number 618.1PADUBIDRI
100 ## - MAIN ENTRY--PERSONAL NAME
Personal name PADUBIDRI V. G
245 ## - TITLE STATEMENT
Title HOWKINS & BOURNE SHAWS TEXT BOOK OF GYNAECOLOGY
250 ## - EDITION STATEMENT
Edition statement 17
260 ## - PUBLICATION, DISTRIBUTION, ETC.
Place of publication, distribution, etc. NEW DELHI
Name of publisher, distributor, etc. ELSEVIER
Date of publication, distribution, etc. 2015
300 ## - PHYSICAL DESCRIPTION
Extent 562
650 ## - SUBJECT ADDED ENTRY--TOPICAL TERM
Topical term or geographic name entry element HOWKINS & BOURNE SHAWS TEXT BOOK OF GYNAECOLOGY
Holdings
Withdrawn status Lost status Damaged status Not for loan Home library Current library Shelving location Date acquired Source of acquisition Cost, normal purchase price Total Checkouts Total Renewals Full call number Barcode Date last seen Date last checked out Price effective from Koha item type
        College of Ayurved, Pune College of Ayurved, Pune   03/01/2020 BHARATI MADH. SAHA. GRAH. BHANDAR LTD. 1250.00 2 1 618.1PADUBIDRI ACP-UG-14609 19/05/2026 18/05/2026 28/06/2023 Book